000 00647nam a2200229Ia 4500
003 OSt
005 20220918202750.0
006 a|||||r|||| 00| 0
007 ta
008 220917b |||||||| |||| 00| 0 eng d
024 _a103,684
037 _cTextual
040 _aARTS
_cARTS
_beng
041 _2eng
_aeng
082 _aV2M6,3M18, K5
100 _aMajumdar Bimanbehari
245 0 _aIndian political associations and reform of legislature, 1818-1917
260 _aCalcutta
_bK L Mukhopadhyay
_c1965
650 _aHISTORY
942 _hV2M6,3M18, K5
_cTEXL
_2CC
999 _c227085
_d227085